Marx versus Savigny (Record no. 570278)
[ view plain ]
| 000 -CABECERA | |
|---|---|
| Campo de control de longitud fija | 00427nab a2200145Ia 4500 |
| 003 - IDENTIFICADOR DEL NÚMERO DE CONTROL | |
| Campo de control | ES-SlBCS |
| 005 - FECHA Y HORA DE LA ÚLTIMA TRANSACCIÓN | |
| Campo de control | 20210601131854.0 |
| 008 - CÓDIGOS DE INFORMACIÓN DE LONGITUD FIJA | |
| Campo de control de longitud fija | 140529s1978-1979xu||||| |||| 00| 0 ger d |
| 041 ## - CÓDIGO DE LENGUA | |
| Código de lengua del texto/banda sonora o título independiente | ger |
| 100 1# - PUNTO DE ACCESO PRINCIPAL-NOMBRE DE PERSONA | |
| Nombre de persona | Paul, Wolf |
| 9 (RLIN) | 189610 |
| 245 00 - MENCIÓN DE TÍTULO | |
| Título | Marx versus Savigny |
| Mención de responsabilidad, etc. | Wolf Paul |
| 600 1# - PUNTO DE ACCESO ADICIONAL DE MATERIA-NOMBRE DE PERSONA | |
| Nombre personal | Marx, Karl-Savigny |
| 9 (RLIN) | 189611 |
| 773 0# - ENLACE AL DOCUMENTO FUENTE | |
| Título | Anales de la Catedra Francisco Suarez |
| Parte(s) relacionada(s) | nº. 18-19, 1978-1979, págs. 243-270 |
| Número de control del registro relacionado | Rev1020 |
| 942 ## - ENTRADA DE ELEMENTOS AGREGADOS (KOHA) | |
| Koha [por defecto] tipo de item | Artículos de revista |
| Suprimido | Perdido | Estropeado | No para préstamo | Localización permanente | Localización actual | Localización en estantería | Fecha adquisición | Préstamos totales | Fecha última consulta | Fecha del precio de reemplazo | Tipo de item de Koha |
|---|---|---|---|---|---|---|---|---|---|---|---|
| San Esteban | San Esteban | Depósito de revistas | 11/07/2014 | 11/07/2014 | 11/07/2014 | Artículos de revista |
